LEADER 01539nam a2200337 i 4500 001 000000146240 003 CaOOAMICUS 005 20160315000000.0 008 160315s2005 it u000 u mul u 013 $a122921 020 $a88-452-3422-3 040 $aSeMil$bita 100 1 $aDescartes, René,$d<1596-1650>.$0(OLS)http://semarc/name/4396 245 10$aTutte le lettere, 1619-1650 /$cRené Descartes ; a cura di Giulia Belgioioso ; con la collaborazione di Igor Agostini, ... e di Jean-Robert Armogathe. 260 $aMilano :$bBompiani,$c2005. 300 $aLVIII, 3104 p. :$bgrafici, tabelle ;$c22 cm. 490 0 $aIl pensiero occidentale 500 $aTesto francese, latino e olandese. 650 4$aDescartes, René - Lettere e carteggi.$0(OLS)http://semarc/subject/11878 700 1 $aArmogathe, Jean-Robert,$d<1947- >.$0(OLS)http://semarc/name/90203 700 1 $aAgostini, Igor,$d<1973- >.$0(OLS)http://semarc/name/58203 700 1 $aBelgioioso, Giulia.$0(OLS)http://semarc/name/58202 830 0$aBompiani Il pensiero occidentale.$0(OLS)http://semarc/title/10111 850 $aSeMil 852 $aSeMil$W1$xVenegono$y1$m2OA II 415$j98933$B98933$CSeMilBibl$Z2$F107258 $81 900 1 $aCartesio. 961 $aAcquisto: Mescat 996 $6020$a88-452-3422-3$9(OLS)http://semarc/number/134758 996 $6245$aTutte le lettere, 1619-1650$9(OLS)http://semarc/title/213857 996 $6260$aMilano :$bBompiani$9(OLS)http://semarc/publisher/29706 LEADER 01030nam a2200253 4500 001 000000333398 003 CaOOAMICUS 005 20190606175333.0 008 190418s2017 it 000 u ita r 020 $a978-88-7313-413-8 040 $aSeMil$bita 110 0 $aCISL, Milano Metropoli.$0(OLS)http://semarc/name/109388 245 13$aLa storia delle categorie della CISL Milano Metropoli . 264 1$aRoma :$bEdizioni Lavoro,$c2017. 300 $a216 p. ;$c21 cm 541 1 $aFondo Mons. Mario Delpini 610 24$aCISL .$0(OLS)http://semarc/subject/2472 850 $aSeMil 852 $aSeMil$W1$xVenegono$y1$m3M III 296$j213822$B226452$CSeMilBibl$Z2$F226452 $81 941 1 $a7 996 $6020$a978-88-7313-413-8$9(OLS)http://semarc/number/287173 996 $6245$aLa storia delle categorie della CISL Milano Metropoli $9(OLS)http://semarc/title/422899 996 $6264$aRoma :$bEdizioni Lavoro$9(OLS)http://semarc/publisher/31304